000 00547nam a22001457a 4500
020 _a0-7497-1337-2
082 _a823
_bBLY/F
100 _aENID BLYTON
245 _aFICE O'CLOCK TALES
260 _aGREAT BRITAIN
_bMETHUEN & CO
_c1941
300 _a152
520 _aSNEAKY THE ELF STEALS A GROWING SPELL AND GETS A TERRIBLE FRIGHT, SNIP AND SNAP THE BROWNIES FOOL THE STUPID RED GOBLIN AND WHILE WIZARD TEN - TOES GETS OUT OF BED THE WRONG SIDE, LAZY KATE'S BED TAKES HER TO SCHOOL!
650 _aCHILDREN'S STORY BOOK
_zUNITED KINGDOM
942 _cBK
999 _c207
_d207